Young Thurgood Marshall : (Record no. 7743)

MARC details
000 -LEADER
fixed length control field 01085nam a22003137a 4500
001 - CONTROL NUMBER
control field 7743
003 - CONTROL NUMBER IDENTIFIER
control field FISKH
005 - DATE AND TIME OF LATEST TRANSACTION
control field 20250801160312.0
008 - FIXED-LENGTH DATA ELEMENTS--GENERAL INFORMATION
fixed length control field 250801b cb ||||| |||| 00| 0 eng d
040 ## - CATALOGING SOURCE
Original cataloging agency FISKH
Language of cataloging eng
Transcribing agency FISKH
Modifying agency FISKH
050 ## - LIBRARY OF CONGRESS CALL NUMBER
Classification number KF8745.M34 C37
082 ## - DEWEY DECIMAL CLASSIFICATION NUMBER
Classification number 347.73
100 ## - MAIN ENTRY--PERSONAL NAME
Personal name Carpenter, Eric
245 ## - TITLE STATEMENT
Title Young Thurgood Marshall :
Remainder of title Fighter for quality /
Statement of responsibility, etc. by Eric Carpenter : illustrated by James Watling
250 ## - EDITION STATEMENT
Edition statement First Scholastic printing, February 2007
260 ## - PUBLICATION, DISTRIBUTION, ETC.
Place of publication, distribution, etc. New York :
Name of publisher, distributor, etc. Scholastic ,
Date of publication, distribution, etc. 1996.
300 ## - PHYSICAL DESCRIPTION
Extent 32 pages :
Other physical details color illustrations ;
Dimensions 23 cm .
490 ## - SERIES STATEMENT
Series statement First-Start Biographies
505 ## - FORMATTED CONTENTS NOTE
Formatted contents note K <br/>
520 ## - SUMMARY, ETC.
Summary, etc. Examines the life of the first black man to be appointed an associate justice of the highest court in the country.<br/>
521 8# - TARGET AUDIENCE NOTE
Target audience note 510 <br/>
Source Lexile estimate <br/>
521 8# - TARGET AUDIENCE NOTE
Target audience note K <br/>
Source Raz-Plus <br/>
650 ## - SUBJECT ADDED ENTRY--TOPICAL TERM
Topical term or geographic name entry element African Americans
Form subdivision Non-fiction
650 ## - SUBJECT ADDED ENTRY--TOPICAL TERM
Topical term or geographic name entry element Black Americans
Form subdivision Non-fiction
650 ## - SUBJECT ADDED ENTRY--TOPICAL TERM
Topical term or geographic name entry element Supreme Court
Form subdivision Non-fiction
700 ## - ADDED ENTRY--PERSONAL NAME
Personal name Watling, James
Relator term Illustrator
942 ## - ADDED ENTRY ELEMENTS (KOHA)
Source of classification or shelving scheme Dewey Decimal Classification
Koha item type Books
Suppress in OPAC No
Holdings
Withdrawn status Lost status Source of classification or shelving scheme Damaged status Not for loan Collection Home library Current library Shelving location Date acquired Total Checkouts Full call number Barcode Date last seen Copy number Price effective from Koha item type
    Dewey Decimal Classification     Non-Fiction Footprints International School Library Network Toul Tom Poung Campus Footprints International School Library Network Toul Tom Poung Campus TTP Primary Yellow Bookshelves 08/01/2025   CAR 347.73 KF8745.M34 C37 FISBK06085 08/01/2025 1 08/01/2025 Books
    Dewey Decimal Classification     Non-Fiction Footprints International School Library Network Toul Tom Poung Campus Footprints International School Library Network Toul Tom Poung Campus TTP Primary Yellow Bookshelves 11/20/2025   CAR 347.73 KF8745.M34 C37 FISTK01710 11/20/2025 2 11/20/2025 Books